书目信息 |
| 题名: |
大学生涯与职业规划
|
|
| 作者: | 高桥 , 葛海燕 主编 | |
| 分册: | ||
| 出版信息: | 北京 清华大学出版社 2007 |
|
| 页数: | 11, 243页 | |
| 开本: | 23cm | |
| 丛书名: | ||
| 单 册: | ||
| 中图分类: | G641.6 , G647.38 | |
| 科图分类: | ||
| 主题词: | 大学生--da xue sheng--职业选择 , 大学生--da xue sheng--思想修养 | |
| 电子资源: | ||
| ISBN: | 978-7-302-16100-4 | |
| 000 | 00980nam0 2200253 450 | |
| 001 | 003620582 | |
| 005 | 20081010161642.26 | |
| 010 | @a978-7-302-16100-4@dCNY23.00 | |
| 100 | @a20070104d2007 em y0chiy0110 ea | |
| 101 | 0 | @achi |
| 102 | @aCN@b110000 | |
| 105 | @ay z 000yy | |
| 200 | 1 | @a大学生涯与职业规划@Ada xue sheng ya yu zhi ye gui hua@f高桥, 葛海燕主编 |
| 210 | @a北京@c清华大学出版社@d2007 | |
| 215 | @a11, 243页@d23cm | |
| 330 | @a本书围绕大学生入学之初的新的起跑线、学会学习、自我定位、主宰生活、素质拓展等一系列关键环节及过程,指导大学生在入校之初尽快适应大学生活,自觉规划和设计好自我成长发展的轨迹,珍惜时间,勤奋学习,积极进行能力培养和素质拓展,为自己求职择业、走向社会做好准备。 | |
| 606 | 0 | @a大学生@Ada xue sheng@x职业选择 |
| 606 | 0 | @a大学生@Ada xue sheng@x思想修养 |
| 690 | @aG641.6@v4 | |
| 690 | @aG647.38@v4 | |
| 701 | 0 | @a高桥@Agao qiao@4主编 |
| 701 | 0 | @a葛海燕@Age hai yan@4主编 |
| 801 | 0 | @aCN@bNLC@c20081010 |
| 905 | @aZUCC@dG641.6@eG166 | |
| 大学生涯与职业规划/高桥, 葛海燕主编.-北京:清华大学出版社,2007 |
| 11, 243页;23cm |
| ISBN 978-7-302-16100-4:CNY23.00 |
| 本书围绕大学生入学之初的新的起跑线、学会学习、自我定位、主宰生活、素质拓展等一系列关键环节及过程,指导大学生在入校之初尽快适应大学生活,自觉规划和设计好自我成长发展的轨迹,珍惜时间,勤奋学习,积极进行能力培养和素质拓展,为自己求职择业、走向社会做好准备。 |
| ● |
| 相关链接 |
|
|
|
正题名:大学生涯与职业规划
索取号:G641.6/G166
 
预约/预借
| 序号 | 登录号 | 条形码 | 馆藏地/架位号 | 状态 | 备注 |
| 1 | 841716 | 208417168 | 社科库409/409社科库 10排3列5层/ [索取号:G641.6/G166] | 在馆 | |
| 2 | 841717 | 208417177 | 社科库409/409社科库 10排3列5层/ [索取号:G641.6/G166] | 在馆 |